000 00306nam a2200133Ia 4500
008 191201s2011 xx 000 0 und d
082 _a004
_bRAF
100 _aRAJARAMAN,V
245 0 _aFundamentals of computers
250 _a5th
260 _c2011
_bPHI
_aNEW DELHI
300 _a438
942 _2ddc
_cBK
_017
999 _c7768
_d7768